000 00935nam a2200193Ia 4500
008 220216s9999 xx 000 0 und d
100 _aLi Turong
245 0 _aDesirable characteristics of rubber tree juvenile clone Dafeng 95 from anther culture
260 _bChinese Journal of Tropical Agriculture
_c2010
300 _a3-Jan
520 _aThe rubber tree juvenile clone Dafeng 95 from anther culture and the mature clone Dafeng 95 were investigated at Fenyong Overseas Chinese State Farm in Guangdong Province. The results showed that compared with Dafeng 95 mature clone, the juvenile clone appeared to have a stronger cold tolerance and its girth increment, latex yield, dry rubber content increased 23.9;, 66.3;and 4.9;, respectively.
650 _aCharacteristics
650 _aJuvenile type
700 _aChen Xiongting
700 _aWang Yicheng
700 _aWu Qingsong
700 _aZhang Jianzhen
942 _cJS
999 _c56834
_d56834